00462nam a2200121Ia 45000010005000000080041000050820017000461000082000632450104001452600048002499010028002979990015003253799241024s9999 xx 000 0 und d aRD/070/R427r aRepública Dominicana. Ministerio de Educación. Radio Educativa Dominicana 0aReunión evaluar la remodelación del edifico que aloja radio y televisión educativa dominicana bSanto Domingo, República Dominicanac2014 a10/7/2014 11:51:28 a.m. c9964d9964